Statistics for Most Rectangular Countries of Asia (with Outlines)

Click here to take the quiz!

General Stats

  • This quiz has been taken 23 times
  • The average score is 13 of 15

Answer Stats

Answer% Correct
Cyprus
96%
Yemen
91%
Turkey
91%
Nepal
91%
Taiwan
91%
Sri Lanka
91%
Afghanistan
91%
Saudi Arabia
91%
Singapore
87%
Syria
87%
South Korea
83%
Cambodia
78%
Bahrain
78%
Qatar
74%
Bhutan
74%

Score Distribution

Percentile by Number Answered

Percent of People with Each Score

Your Score History

You have not taken this quiz